Acta technologica agriculturae XXXI : Zborník Vysokej školy poľnohospodárskej v Nitre /

Enregistré dans:
Détails bibliographiques
Auteur principal: Balla, Jozef (Auteur)
Format: Livre
Langue:slovaque
Publié: Bratislava : Príroda, 1990
Tags: Ajouter un tag
Pas de tags, Soyez le premier à ajouter un tag!

MARC

LEADER 00000nam a22000003a 4500
001 stu17125
005 20150617225759.0
008 ------s1990----cs------------------slo-d
020 |a 80-07-00280-4 
040 |a STU  |b slo 
041 0 |a slo 
044 |a cs 
080 |a 631.3.02(082.1) 
100 1 |a Balla, Jozef  |4 aut 
245 1 |a Acta technologica agriculturae XXXI :  |b Zborník Vysokej školy poľnohospodárskej v Nitre /  |c [aut.]Balla,Jozef a kol 
260 |a Bratislava :  |b Príroda,  |c 1990 
300 |a 252 s :  |b Tab.,grafy,lit 
996 |b CK423  |c C*K423  |l CCX  |s P  |a 0  |w stu17125_0001